MDQL
is popping MORE tags! Check the
thread
!
Quizzes
Events
Quiz Creation
Community
Videos
Private Events
Remove Ads
Sign In
Join for FREE
Feedback
Dark Mode
Quiz Categories
Sports
Geography
Music
Movies
Television
Just For Fun
Miscellaneous
History
Literature
Language
Science
Gaming
Entertainment
Religion
Holiday
For Kids
Quiz Lab
Recent
Popular Today
Quiz Kudos Today
Editor Picks
Curator Picks
Quizzes by...
Day
Popularity
Type
Ratings
Length
Year
Community
Subscriptions
Recent Discussions
Orange Saloon
Badges
Playlists
Quests
Create
Leaderboards
Showdown
Live 5
Trivia Bingo
Activity
Puzzle Library
Sporcle Events
Private Events
Virtual Trivia
Globe League
Become a Host
Pub Owners
SporcleCon
Opinionation
Our Games
Videos
Blog
Mobile Apps
Partnerships
Remove Ads and Go Orange
Feedback
Sports
Athletes
MLB
NBA
NHL
NFL
Soccer
Sports Teams
WWE
NCAA
Football
Premier League
Basketball
Baseball
Hockey
Golf
Tennis
Cricket
Rugby
Auto Racing
Olympics
World Cup
Sports
Athletes
MLB
NBA
NHL
NFL
Soccer
Sports Teams
WWE
NCAA
Football
Premier League
Basketball
Baseball
Hockey
Golf
Tennis
Cricket
Rugby
Auto Racing
Olympics
World Cup
Random Quiz
Search Sporcle
×
Quiz Lab
Quiz Lab
Sports
State
Type in answers that appear in a list
Type in answers that appear in a list
Classic
Best Score? Go Orange.
Most Homeruns By State of Birth Stats
Can you name the Most Homeruns By State of Birth?
By
steveegnj
15m
153 Questions
495 Plays
495 Plays
495 Plays
Comments
Comments
Give Quiz Kudos
Give Quiz Kudos
-
- Ratings
hide this ad
Replay
Link that replays current quiz
Next Quiz
Link to next quiz in quiz playlist
You Got
0%
They Got
Avg Score
19%
Avg Friend Score
Upgrade to see
Score Distribution
Jump to the score distribution portion of the page
Score
0/153
Timer
15:00
0
Plays Today
State
Batter
% Correct
Alabama
Hank Aaron
94.3%
California
Barry Bonds
92.3%
Alabama
Willie Mays
83.2%
Maryland
Babe Ruth
82.4%
Delaware
Dave May
74.7%
Oklahoma
Mickey Mantle
73.9%
California
Mark McGwire
72.7%
Pennsylvania
Ken Griffey
72.1%
California
Ted Williams
71.7%
New York
Alex Rodriguez
70.9%
Illinois
Jim Thome
63.8%
Idaho
Harmon Killebrew
62.8%
New York
Lou Gehrig
61.6%
Pennsylvania
Reggie Jackson
61%
Texas
Frank Robinson
58.8%
Arkansas
Brooks Robinson
58.4%
Ohio
Mike Schmidt
57%
Georgia
Frank Thomas
56.6%
South Carolina
Gorman Thomas
56.4%
Maryland
Jimmie Foxx
52.7%
Alabama
Willie McCovey
50.1%
Louisiana
Mel Ott
49.5%
Pennsylvania
Stan Musial
48.1%
Florida
Gary Sheffield
47.1%
Minnesota
Roger Maris
46.7%
Texas
Ernie Banks
45.3%
Maryland
Cal Ripken
43.6%
Florida
Fred McGriff
41.4%
Tennessee
Todd Helton
41%
Oklahoma
Willie Stargell
40.6%
Ohio
Frank Howard
40.2%
Massachusetts
Jeff Bagwell
38.6%
Illinois
Shawn Green
38%
Texas
Eddie Mathews
37.8%
New Jersey
Derek Jeter
37.6%
Missouri
Yogi Berra
37.2%
New York
Carl Yastrzemski
35.4%
Minnesota
Dave Winfield
35.2%
Oklahoma
Joe Carter
32.3%
West Virginia
George Brett
32.1%
South Carolina
Jim Rice
31.1%
Vermont
Carlton Fisk
30.5%
New Mexico
Ralph Kiner
30.3%
Oregon
Dale Murphy
30.3%
Kentucky
Gus Bell
30.1%
Oregon
Dave Kingman
29.9%
Hawaii
Shane Victorino
28.5%
Louisiana
Albert Belle
27.7%
Florida
Andre Dawson
26.3%
Connecticut
Mo Vaughn
25.5%
Washington
Ryne Sandberg
23.8%
State
Batter
% Correct
Iowa
Ken Henderson
22.6%
Rhode Island
Paul Konerko
21.6%
Kansas
Tony Clark
20.8%
Mississippi
Dave Parker
20.6%
Kentucky
Jay Buhner
20.2%
Georgia
Johnny Mize
18.2%
Washington
Ron Santo
15.6%
Nebraska
Wade Boggs
15.4%
Minnesota
Kent Hrbek
15.2%
Ohio
David Justice
14.3%
Michigan
Kirk Gibson
14.1%
Michigan
Ted Simmons
13.7%
Wisconsin
Al Simmons
13.7%
Indiana
Gil Hodges
13.5%
Indiana
Scott Rolen
12.9%
Mississippi
Ellis Burks
12.3%
District of Columbia
Milt Thompson
12.1%
Georgia
Moises Alou
11.9%
Illinois
Gary Gaetti
11.9%
North Dakota
Ken Hunt
11.3%
South Carolina
Reggie Sanders
10.5%
Kansas
Johnny Damon
10.3%
North Dakota
Travis Hafner
9.7%
Washington
Ron Cey
9.7%
Hawaii
Benny Agbayani
9.5%
Indiana
Chuck Klein
9.1%
Tennessee
Steve Finley
8.9%
New Jersey
Eric Karros
8.5%
North Carolina
Mark Grace
8.5%
Virginia
Willie Horton
8.3%
Mississippi
George Scott
7.9%
South Dakota
Dave Collins
7.5%
Arkansas
Pat Burrell
7.1%
Louisiana
Joe Adcock
7.1%
North Dakota
Darin Erstad
6.3%
Kansas
Bob Horner
5.5%
Missouri
Ken Boyer
5.3%
North Carolina
Jim Ray Hart
5.1%
Tennessee
Vada Pinson
5.1%
Massachusetts
Steve Balboni
4.8%
Virginia
Todd Hundley
4%
Hawaii
Mike Lum
3.8%
Wyoming
John Buck
3.8%
Kentucky
Travis Fryman
3.6%
North Carolina
Ray Durham
3.6%
Virginia
Jim Lemon
3.6%
Missouri
Roy Sievers
3.4%
Arkansas
Rick Monday
3.2%
New Jersey
Goose Goslin
3.2%
Colorado
Buster Adams
3%
Michigan
John Mayberry
3%
State
Batter
% Correct
Idaho
Vance Law
2.4%
Iowa
Hal Trosky
2.4%
South Dakota
Mark Ellis
2.4%
Rhode Island
Gabby Hartnett
2.2%
District of Columbia
Don Money
2%
Iowa
Casey Blake
2%
Massachusetts
Richie Hebner
2%
Rhode Island
Davey Lopes
2%
Alaska
Josh Phelps
1.8%
New Mexico
Vern Stephens
1.8%
Connecticut
Dick McAuliffe
1.6%
District of Columbia
Lu Blue
1.6%
Connecticut
Walt Dropo
1.4%
Delaware
Randy Bush
1.4%
Arizona
Shea Hillenbrand
1.2%
Nevada
Marty Cordova
1.2%
South Dakota
Jason Kubel
1.2%
West Virginia
Toby Harrah
1.2%
Wyoming
Mike Devereaux
1.2%
Arizona
Jack Howell
0.8%
Montana
John Lowenstein
0.8%
New Hampshire
Phil Plantier
0.8%
Wisconsin
Andy Pafko
0.8%
New Mexico
Cody Ross
0.6%
Utah
Duke Sims
0.6%
Utah
Chris Shelton
0.6%
Alaska
Randy Kutcher
0.4%
Alaska
Steve Staggs & Aaron Cunningham
0.4%
Maine
Freddy Parent
0.4%
Montana
Dave McNally
0.4%
Nebraska
Ron Hansen
0.4%
New Hampshire
Red Rolfe
0.4%
Oregon
Richie Sexon
0.4%
Vermont
Pat Putnam
0.4%
Wisconsin
Ken Keltner
0.4%
Wyoming
Mike Lansing
0.4%
Arizona
Hank Leiber
0.2%
Colorado
Johnny Frederick
0.2%
Colorado
Johnny Lindell
0.2%
Delaware
John Mabry
0.2%
Maine
Del Bissonette
0.2%
Maine
George Gore
0.2%
Montana
Ed Bouchee
0.2%
Nebraska
Jackie Brandt
0.2%
Nevada
Nate Schierholtz
0.2%
Nevada
Justin Leone
0.2%
New Hampshire
Bernie Friberg
0.2%
Utah
Chad Hermansen
0.2%
Vermont
Birdie Tebbetts
0.2%
West Virginia
Andy Seminick
0.2%
Idaho
Bill Salkeld
0%
Quiz Playlist
Details
Report
Send in Message
Add To Playlist
Classic:
Type in answers that appear in a list
Quiz Source
Last Updated: Feb 16, 2017
Quiz Scoreboard
CHALLENGE
Sign Up to Join the Scoreboard
Show All
Scores
Hide
Comments
May contain spoilers
Recently Published
Image Sorting: Flags VI
by Barbecue
Geography
2m
Find the 'City' Movie
by crazypaving
Movies
60s
Colored Red Africa Blitz
by spor1
Geography
45s
More to Explore
Quiz From the Vault
Featured Blog Post
14 Easter Pick-up Lines to Find Eggs With
hide this ad
You Might Also Like...
Tags
State Quiz
2009
Batter
birth
By State
Home Runs
Humerus
thru
Today's Top Quizzes in Sports
Browse Sports
hide this ad
Today's Top Quizzes in State
Browse State
Top Contributed Quizzes in Sports
1
Les meilleurs buteurs des matchs entre le PSG et l’OM
2
Les entraîneurs de l'OM et du PSG au 21e siècle
3
Les joueurs passés par le PSG et l'OM
4
2022 World Cup Stars
5
Players with Multiple 50 Home Run Seasons
6
Criteria MLB: Left Handed Sluggers
7
MLB Players with Two .350 Batting Average Seasons
8
Les joueurs passés par le LOSC et le RC Lens
9
NBA Logic Puzzle 2.0
10
Top 10 NHL Goal Scorers of All Time
Explore More
Trending Topics
Crossword
Harry Potter
Disney
Kpop
Anime
NBA
Marvel
The Office
Song
Pokémon
Puzzle
Country
NFL
Soccer
WWE
hide this ad
More By:
steveegnj
Quiz
Plays
Rating
Category
Featured
Created
U.S. States By Their Signature Foods
2,240
2.22
Just For Fun
Nov 15, 2009
Highest U.S. City Crime Rate (2008)
816
4.25
Miscellaneous
Nov 24, 2009
Best Hitting Catchers (Career)
752
3.20
Sports
Nov 7, 2009
Yankees Centerfielders (1920-2009)
610
5.00
Sports
Nov 1, 2009
Most Homeruns By State of Birth
495
4.17
Sports
Nov 15, 2009
Go to Creator's Profile
Score Distribution
Quiz Creator Spotlight
steveegnj
Follow
Send a Message
Quizzes Created
-
Created Quiz Play Count
-
More By This Creator
Popular Quizzes Today
1
Colored Red Africa Blitz
2
Find the US States - No Outlines Minefield
3
Find the 'City' Movie
4
5x2 Blitz: Bands
5
The Countries of the World
6
Find the US States
7
Find the Countries of Europe - No Outlines Minefield
8
US States
More Sports Quizzes
Top Home Run Seasons for 'D' Players
Quiz Lab
Trending Quizzes
Colored Red Europe Blitz I
Colored Red Europe Blitz II
Colored Red Africa Blitz II
Colored Red Europe Blitz III
Colored Red Africa Blitz III
Recently Updated
How Do You Spell That?
pecheneg
Godzilla Movies
pecheneg
Grab Bag: 4-10 Letters
pecheneg
2024 March Madness Bracket
pecheneg
Famous TV Couples
Peacemaker
Champions League XIs: Real Madrid
pecheneg
Largest US Cities 1790-2010
pecheneg
Rides in Walt Disney World
pecheneg
Most Oscar Losses (Acting)
pecheneg
Beyoncé Albums
pecheneg
Trending Topics
Anime
NBA
Crossword
Disney
Marvel
Kpop
Harry Potter
WWE
Pokémon
Puzzle
Song
Soccer
Country
The Office
NFL
Your Account Isn't Verified!
In order to create a playlist on Sporcle, you need to verify the email address you used during registration. Go to your
Sporcle Settings
to finish the process.
Report this User
Report this user for behavior that violates our
Community Guidelines
.
Details:
Send Report
Go to the Sporcle.com Mobile Site →
Comments